MARC

LEADER 00000nam0a2200000 4500
001 103070
005 20231031113236.0
035 |a (RuTPU)RU\TPU\book\111127 
090 |a 103070 
100 |a 20061011d1973 km y0rusy50 ca 
101 0 |a rus 
102 |a RU 
105 |a a z 001zy 
200 1 |a Биофизика ультразвука  |f И. Е. Эльпинер 
210 |a Москва  |c Наука  |d 1973 
215 |a 384 с.  |c ил. 
320 |a Библиогр. в конце ст. 
320 |a Предметный указатель: с. 380-384. 
610 1 |a ультразвук 
610 1 |a биофизика 
610 1 |a химическое действие 
610 1 |a ультразвуковые волны 
610 1 |a действие 
675 |a 57.04  |v 3 
700 1 |a Эльпинер  |b И. Е.  |g Исаак Ефимович 
801 1 |a RU  |b 63413507  |c 20061011  |g PSBO 
801 2 |a RU  |b 63413507  |c 20100608  |g PSBO 
900 |a Применение ультразвука в медицине 
942 |c BK